Game of Thrones Deaths - Statistics

General Stats
  • This quiz has been taken 342 times
    202 since last reset
  • The average score is 53 of 91
Answer Stats
Season Cause of death Character % Correct
1 Joffrey asked for his head Eddard Stark
95%
1 Killed when molten gold was poured on his head Viserys Targaryen
90%
1 Smothered with a pillow by Daenerys out of mercy Khal Drogo
88%
1 Killed by a boar Robert Baratheon
88%
3 Killed at Red Wedding Robb Stark
87%
3 Killed at Red Wedding Catelyn Stark
85%
2 Killed by shadow creature Renly Baratheon
85%
4 Poisoned at his own wedding Joffrey Baratheon
84%
8 Pinned to a wall surrounded by limbs Ned Umber
83%
4 Head caved in whilst fighting the man who killed his sister Oberyn Martell
83%
4 Shot with a bolt whilst on the commode Tywin Lannister
82%
4 Pushed through the moon door by Littlefinger Lysa Arryn
79%
5 Killed at the wall for being a 'traitor' Jon Snow
77%
6 Held the door Hodor
76%
6 Eaten by his own dogs Ramsay Bolton
76%
8 Crushed by falling rubble Cersei Lannister
75%
8 Crushed by falling rubble Jaime Lannister
75%
5 Mercy killed before he could be burnt alive Mance Rayder
75%
5 Poisoned by Ellaria Sand Myrcella Baratheon
75%
5 Killed by Brienne of Tarth Stannis Baratheon
75%
4 Shot in the neck by Olly Ygritte
75%
5 Burned alive as a sacrifice by Melisandre Shireen Baratheon
74%
6 Blown up at the Sept Margaery Tyrell
73%
4 Strangled by Tyrion Shae
73%
5 Died peacefully in bed Aemon Targaryen
72%
6 Shot with an Arrow by Ramsay Bolton Rickon Stark
72%
6 Jumped out the window Tommen Baratheon
72%
7 Poisoned before confessing to Joffrey's murder Ollena Tyrell
71%
7 Freezes to death after wight attack Thoros of Myr
70%
6 Blown up at the Sept Loras Tyrell
69%
8 Killed by Jon Snow Daenerys Targaryen
67%
1 Killed fighting Lannister soldiers with a wooden sword Syrio Forel
67%
5 Killed fighting the Sons of Harpy Barristan Selmy
65%
8 Fell from a tower into fire Gregor Clegane
65%
6 Executed by Jon Snow - said nothing Olly
65%
2 Killed by Jon Snow to show his loyalty to the wildlings Qhorin Half-Hand
65%
8 Fell from a tower into fire Sandor Clegane
65%
3 Killed at Red Wedding Talisa Stark
65%
8 Burnt alive by Drogon Varys
65%
6 Weak men like him will never rule Dorne again Doran Martell
64%
6 Winter came for him and his house Walder Frey
64%
6 Blown up below the Sept Lancel Lannister
62%
3 Beheaded by Robb Stark Rickard Karstark
62%
6 Executed by Jon Snow - gave a speech before he died Alliser Thorne
61%
8 Took off her necklace Melisandre
61%
7 Executed after years of lying, plotting and creating chaos Petyr Baelish
60%
6 Blown up at the Sept High Sparrow
59%
2 Man in a high position killed in above riot Jeor Mormont
59%
6 Thrown from a bridge Balon Greyjoy
56%
8 Died from injuries sustained in the Battle of Winterfell Jorah Mormont
56%
6 Blown up at the Sept Mace Tyrell
56%
5 Committ suicide after her daughter was killed Selyse Baratheon
56%
6 Stabbed by kids Grand Maester Pycelle
55%
1 Stabbed in the eye by Jaime Jory Cassel
55%
8 Beheaded by The Mountain Missandei
55%
2 Eventually killed after Theon failed to behead him Rodrik Cassel
55%
6 Stabbed in the back of the head Trystane Martell
55%
5 Beheaded by Jon Snow Janos Slynt
54%
6 Stabbed by Ramsey after she tried to seduce him Osha
54%
6 Blown up at the Sept Kevan Lannister
52%
8 Killed by Arya Night King
51%
6 Poisoned by his enemies... Roose Bolton
51%
8 Killed by Jaime Lannister Euron Greyjoy
50%
7 Died saving Brotherhood, Jon Snow and some wildings Benjen Stark
49%
5 Stabbed in his eyes and stomach before having his throat slit Meryn Trant
48%
8 Killed by the Night King in the Battle of Winterfell Theon Greyjoy
48%
8 Killed by a Wight Giant in the Battle of Winterfell Lyanna Mormont
47%
1 Beheaded by Ned Stark for desertion Will
45%
1 First onscreen death Waymar Royce
43%
7 Burnt alive Dickon Tarly
42%
8 Killed by Wights in the Battle of Winterfell Dolorus Ed
42%
2 Killed at Battle of Blackwater (Davos' son) Matthos Seaworth
42%
2 Killed in riot at his house Craster
41%
7 Burnt alive Randyll Tarly
41%
8 Thrown/ smashed into rubble Qyburn
38%
8 Killed by Wights in the Battle of Winterfell Beric Dondarian
37%
4 Killed by a wight Jojen Reed
35%
4 Died fighting over chickens Polliver
35%
2 Thrown from a walkway at Harrenhal The Tickler
35%
6 Killed after taking multiple arrows and one to the eye Wun Weg Wun Dar Wun
35%
2 Stabbed near Harrenhal by Lannister soldiers Yoren
33%
2 Killed by Podrik after this character tried to kill Tyrion Mandon Moore
32%
6 Killed by Tormund in the Battle of Basterds Smalljon Umber
32%
1 Killed in a 'Trial by Combat' with Bronn Vardis Egen
30%
6 Killed by the Night King Three-eyed raven
29%
6 Died fighting Lannister foot soldiers Brynden Tully
28%
6 Blew herself up/attacked by wights Leaf
27%
3 Wilding warg - killed by Jon Snow Orell
26%
6 Killed in the dark The Waif
21%
6 Stabbed in the back by Tyene Sand Areo Hotah
19%
4 Couldn't have been on Arya's list, she didn't know his name Rorge
19%
No matching quizzes found
Score Distribution
Percent of People with Each Score
Percentile by Number Answered
Your Score History
You have not taken this quiz since the last reset